[Event "European Blitz-ch 2018"]
[Site "Skopje"]
[Date "2018.12.07"]
[Round "17"]
[White "Jankovic, Alojzije"]
[Black "Djuric, Stefan"]
[Result "0-1"]
[WhiteElo "2557"]
[BlackElo "2371"]
[Annotator "TA"]
[PlyCount "78"]
[EventDate "2018.12.06"]
[EventType "swiss"]
[EventCountry "MKD"]

1. d4 Nf6 2. Nf3 c5 3. d5 g6 4. Nc3 Bg7 5. e4 d6 6. Be2 O-O 7. O-O Na6 8. Nd2 Nc7 9. a4 b6 10. Nc4 Ba6 11. Na3 Bxe2 12. Qxe2 e6 13. Qf3 exd5 14. exd5 Nd7 15. Nc4 Ne5 16. Nxe5 dxe5 17. Rd1 f5 18. d6 Ne6 19. Qd5 Qd7 20. Bg5 Kh8 21. Be7 Rfe8 22. Ne2 Rac8 23. a5 b5 24. a6 Rc6 25. b4 Rb8 26. bxc5 Rxc5 27. Qb3 e4 28. c3 Rbc8 29. Rab1 h5 30. Nd4 Nf4 31. Nxb5 Ne2+ 32. Kh1 f4 33. Nxa7 f3 34. g3 Qh3 35. Rg1 Nxg1 36. Rxg1 Rxc3 37. Qb7 Qg2+ 38. Rxg2 Rc1+ 39. Rg1 Rxg1+ 0-1

[Event "European Blitz-ch 2018"]
[Site "Skopje"]
[Date "2018.12.07"]
[Round "17"]
[White "Kadric, Denis"]
[Black "Nenezic, Marko"]
[Result "1-0"]
[WhiteElo "2554"]
[BlackElo "2515"]
[Annotator "TA"]
[PlyCount "107"]
[EventDate "2018.12.06"]
[EventType "swiss"]
[EventCountry "MKD"]

1. d3 g6 2. g3 Bg7 3. Bg2 d5 4. Nd2 e5 5. e4 Ne7 6. Nh3 O-O 7. O-O c5 8. c3 Nbc6 9. f4 d4 10. c4 a6 11. Nf3 Bg4 12. Nf2 Bd7 13. fxe5 Nxe5 14. Nxe5 Bxe5 15. Ng4 Bxg4 16. Qxg4 Nc6 17. Bg5 Qd6 18. Rf2 Bg7 19. Raf1 Ne5 20. Qe2 b5 21. b3 bxc4 22. bxc4 Rab8 23. Qd2 Rb6 24. h4 Ng4 25. Rf3 h6 26. Bf4 Ne5 27. R3f2 h5 28. Bh3 Qe7 29. Kg2 Qd6 30. Bg5 a5 31. Bf4 a4 32. Qd1 a3 33. g4 hxg4 34. Bxg4 Qe7 35. h5 Nxg4 36. Qxg4 gxh5 37. Qxh5 Rg6+ 38. Kf3 Qe6 39. Qf5 Re8 40. Qxe6 Rexe6 41. Rb1 Rb6 42. Rff1 Rb2 43. Rxb2 axb2 44. Rb1 Rb6 45. a4 Rb3 46. Ke2 Bf8 47. a5 Kg7 48. a6 Ra3 49. Rxb2 Rxa6 50. Bd2 Rg6 51. Kf3 Rf6+ 52. Ke2 Rg6 53. Kd1 Rg2 54. Bh6+ 1-0

[Event "European Blitz-ch 2018"]
[Site "Skopje"]
[Date "2018.12.07"]
[Round "17"]
[White "Delchev, Aleksander"]
[Black "Jenni, Florian"]
[Result "1/2-1/2"]
[WhiteElo "2552"]
[BlackElo "2454"]
[Annotator "TA"]
[PlyCount "124"]
[EventDate "2018.12.06"]
[EventType "swiss"]
[EventCountry "MKD"]

1. e4 e5 2. Nf3 Nc6 3. Bc4 Nf6 4. d3 h6 5. O-O g6 6. c3 Bg7 7. d4 Qe7 8. Re1 d6 9. Nbd2 O-O 10. h3 a6 11. Bd3 Nh5 12. Nb3 Qf6 13. Be3 Nf4 14. Bf1 g5 15. Nh2 Qg6 16. Nd2 exd4 17. cxd4 Nxd4 18. Rc1 c5 19. Nc4 b5 20. Bxf4 gxf4 21. Nb6 Ra7 22. Nxc8 Rxc8 23. a4 Kh8 24. b3 Be5 25. Nf3 Rb7 26. Nxd4 Bxd4 27. axb5 axb5 28. Qf3 Qg3 29. Be2 Qxf3 30. Bxf3 Be5 31. Be2 Ra8 32. Rc2 Kg7 33. Rd1 Ra3 34. Rb1 Kf6 35. Kf1 Bd4 36. Bf3 Ke5 37. Ke2 Rba7 38. Kd1 Ra2 39. Be2 Rxc2 40. Kxc2 Ra2+ 41. Kd1 Bxf2 42. Bxb5 Kxe4 43. Rc1 d5 44. Rc2 Ra1+ 45. Ke2 Be3 46. Bd3+ Kd4 47. Bh7 Ra3 48. Rb2 Kc3 49. Rb1 Rxb3 50. Rd1 Rb2+ 51. Kf3 Rf2+ 52. Kg4 Rxg2+ 53. Kf5 d4 54. Kf6 c4 55. Kxf7 f3 56. Be4 Rg1 57. Rxg1 Bxg1 58. Bxf3 Kd3 59. Ke6 c3 60. Kd5 c2 61. Be4+ Kc3 62. Bxc2 Kxc2 1/2-1/2

[Event "European Blitz-ch 2018"]
[Site "Skopje"]
[Date "2018.12.07"]
[Round "17"]
[White "Dimitrov, Radoslav"]
[Black "Djukic, Nikola"]
[Result "1-0"]
[WhiteElo "2534"]
[BlackElo "2574"]
[PlyCount "61"]
[EventDate "2018.12.06"]
[EventType "swiss"]
[EventCountry "MKD"]

1. c4 g6 2. Nc3 Bg7 3. g3 e5 4. Bg2 d6 5. d3 c6 6. e4 Ne7 7. Nge2 O-O 8. O-O Be6 9. Be3 Nd7 10. Qd2 f5 11. f4 Nf6 12. fxe5 dxe5 13. exf5 gxf5 14. h3 Qd7 15. Kh2 Ng6 16. Rad1 h5 17. b3 h4 18. Bg5 hxg3+ 19. Nxg3 Nh7 20. Nh5 Nxg5 21. Qxg5 Kh7 22. Rg1 Bh6 23. Nf6+ Rxf6 24. Qxf6 Rf8 25. Qxg6+ Kxg6 26. Bxc6+ Kh7 27. Bxd7 Bxd7 28. Nd5 f4 29. Rde1 Rf5 30. Rxe5 Bg7 31. Re7 1-0

[Event "European Blitz-ch 2018"]
[Site "Skopje"]
[Date "2018.12.07"]
[Round "17"]
[White "Saric, Ante"]
[Black "Zlatanovic, Boroljub"]
[Result "1-0"]
[WhiteElo "2533"]
[BlackElo "2376"]
[PlyCount "73"]
[EventDate "2018.12.06"]
[EventType "swiss"]
[EventCountry "MKD"]

1. d4 g6 2. Nf3 Bg7 3. g3 d6 4. Bg2 Nf6 5. O-O O-O 6. c4 Nc6 7. Nc3 e5 8. dxe5 Nxe5 9. b3 Nxf3+ 10. Bxf3 Re8 11. Bb2 Bh3 12. Re1 c6 13. Qd2 Qe7 14. Rad1 Rad8 15. e4 Ng4 16. Bg2 Bxg2 17. Kxg2 h5 18. h3 Nf6 19. Ba3 Nh7 20. f4 g5 21. e5 gxf4 22. gxf4 Qh4 23. Bxd6 Bh6 24. Rf1 Kh8 25. Qf2 Rg8+ 26. Kh2 Qxf2+ 27. Rxf2 Nf8 28. f5 Nh7 29. Ne4 h4 30. Rd3 Ng5 31. Nf6 Rg7 32. Rg2 Nh7 33. Rxg7 Bf4+ 34. Kg2 Kxg7 35. Nh5+ Kh6 36. Nxf4 Kg5 37. Be7+ 1-0

[Event "European Blitz-ch 2018"]
[Site "Skopje"]
[Date "2018.12.07"]
[Round "17"]
[White "Lobanov, Sergei"]
[Black "Milanovic, Danilo"]
[Result "0-1"]
[WhiteElo "2526"]
[BlackElo "2494"]
[PlyCount "50"]
[EventDate "2018.12.06"]
[EventType "swiss"]
[EventCountry "MKD"]

1. e4 d5 2. exd5 Qxd5 3. Nc3 Qd6 4. d4 Nf6 5. Nf3 c6 6. Ne5 Be6 7. Bf4 Qd8 8. Qd2 g6 9. O-O-O Nbd7 10. f3 Bg7 11. g4 O-O 12. h4 h5 13. g5 Nd5 14. Bg3 Nxe5 15. Bxe5 Qa5 16. Bxg7 Kxg7 17. a3 Nxc3 18. Qxc3 Qxc3 19. bxc3 Bd5 20. Be2 b5 21. Kd2 Rfe8 22. c4 bxc4 23. Kc3 e5 24. Rd2 exd4+ 25. Kxd4 Rad8 0-1

[Event "European Blitz-ch 2018"]
[Site "Skopje"]
[Date "2018.12.07"]
[Round "17"]
[White "Santos Ruiz, Miguel"]
[Black "Esipenko, Andrey"]
[Result "0-1"]
[WhiteElo "2523"]
[BlackElo "2593"]
[PlyCount "66"]
[EventDate "2018.12.06"]
[EventType "swiss"]
[EventCountry "MKD"]

1. c4 Nf6 2. Nc3 e6 3. d4 Bb4 4. Qc2 O-O 5. e4 d5 6. e5 Ne4 7. Bd3 c5 8. Nf3 cxd4 9. Nxd4 Nd7 10. Bf4 Ndc5 11. O-O Nxd3 12. Qxd3 Bxc3 13. bxc3 Kh8 14. cxd5 exd5 15. f3 Nc5 16. Qe3 Ne6 17. Rad1 Qb6 18. Bg3 Nxd4 19. Rxd4 Be6 20. Bh4 Rac8 21. Be7 Rfe8 22. Bd6 Qb2 23. Rb4 Qxa2 24. Rxb7 a5 25. f4 Qc2 26. f5 Bxf5 27. Rxf7 Be6 28. Rxg7 Kxg7 29. Qg5+ Qg6 30. Qh4 Rc4 31. Qf2 a4 32. Qa7+ Kg8 33. Be7 Qg7 0-1

[Event "European Blitz-ch 2018"]
[Site "Skopje"]
[Date "2018.12.07"]
[Round "17"]
[White "Demidov, Mikhail"]
[Black "Salgado Lopez, Ivan"]
[Result "1/2-1/2"]
[WhiteElo "2520"]
[BlackElo "2629"]
[Annotator "TA"]
[PlyCount "58"]
[EventDate "2018.12.06"]
[EventType "swiss"]
[EventCountry "MKD"]

1. d4 Nf6 2. Nf3 g6 3. g3 Bg7 4. Bg2 O-O 5. O-O d5 6. c3 c6 7. Nbd2 Re8 8. Re1 Bf5 9. Nh4 Be6 10. e4 dxe4 11. Nxe4 Nxe4 12. Bxe4 Bd5 13. Nf3 Bxe4 14. Rxe4 Nd7 15. Bg5 Nf6 16. Bxf6 Bxf6 17. Qb3 Qb6 18. Ne5 Bxe5 19. Rxe5 Qxb3 20. axb3 a6 21. h4 f6 22. Re6 Kf7 23. Rae1 Rad8 24. Kg2 a5 25. R6e3 Rd5 26. Ra1 e5 27. dxe5 Rexe5 28. Kf3 b6 29. Ra4 Rxe3+ 1/2-1/2

[Event "European Blitz-ch 2018"]
[Site "Skopje"]
[Date "2018.12.07"]
[Round "17"]
[White "Jovanovic, Zoran"]
[Black "Robulj, Nenad"]
[Result "1-0"]
[WhiteElo "2518"]
[BlackElo "2286"]
[PlyCount "73"]
[EventDate "2018.12.06"]
[EventType "swiss"]
[EventCountry "MKD"]

1. e4 e6 2. d4 d5 3. Nc3 h6 4. Be3 Nf6 5. e5 Nfd7 6. f4 c5 7. Nf3 Nc6 8. Qd2 a6 9. Be2 b5 10. O-O Qb6 11. Nd1 b4 12. Nf2 a5 13. c3 Ba6 14. Bxa6 Qxa6 15. f5 Be7 16. Nd3 bxc3 17. bxc3 cxd4 18. cxd4 exf5 19. Nf4 Nb6 20. Nh5 Nc4 21. Qf2 Nxe3 22. Qxe3 O-O 23. Qf4 Qd3 24. Qg3 g6 25. Nf4 Qe3+ 26. Kh1 Nxd4 27. Nxd4 Qxd4 28. Nxg6 fxg6 29. Qxg6+ Kh8 30. Qxh6+ Kg8 31. Qe6+ Rf7 32. Rad1 Qa4 33. Rd3 Qb5 34. Rdf3 Bf8 35. Rxf5 Raa7 36. Rxf7 Ra8 37. R7f5+ 1-0

[Event "European Blitz-ch 2018"]
[Site "Skopje"]
[Date "2018.12.07"]
[Round "17"]
[White "Van Foreest, Lucas"]
[Black "Shubin, Kirill"]
[Result "1-0"]
[WhiteElo "2500"]
[BlackElo "2334"]
[Annotator "TA"]
[PlyCount "61"]
[EventDate "2018.12.06"]
[EventType "swiss"]
[EventCountry "MKD"]

1. e4 e6 2. d4 d5 3. exd5 exd5 4. Nf3 Nc6 5. Nc3 Nge7 6. Bd3 Bf5 7. O-O Qd7 8. a3 Bxd3 9. Qxd3 Ng6 10. Re1+ Be7 11. Ne2 O-O 12. Nf4 Nxf4 13. Bxf4 Bf6 14. Re3 Nd8 15. Bg5 Bxg5 16. Nxg5 g6 17. Rae1 Qg4 18. Nf3 Ne6 19. h3 Qh5 20. Re5 Qh6 21. Rxd5 Kg7 22. Rde5 Rad8 23. d5 Nf4 24. Qc3 Kg8 25. Qxc7 Rc8 26. Qxb7 Rxc2 27. Qb3 Rcc8 28. Qe3 Kg7 29. d6 Rfd8 30. Qd4 Kg8 31. d7 1-0

[Event "European Blitz-ch 2018"]
[Site "Skopje"]
[Date "2018.12.07"]
[Round "17"]
[White "Damljanovic, Branko"]
[Black "Dvirnyy, Danyyil"]
[Result "1/2-1/2"]
[WhiteElo "2495"]
[BlackElo "2485"]
[PlyCount "140"]
[EventDate "2018.12.06"]
[EventType "swiss"]
[EventCountry "MKD"]

1. Nf3 d5 2. c4 c6 3. b3 Bg4 4. Bb2 Bxf3 5. gxf3 e6 6. e3 Nf6 7. f4 Nbd7 8. Qc2 g6 9. Bg2 Bg7 10. O-O O-O 11. d4 Ng4 12. Nd2 g5 13. f5 Qf6 14. fxe6 fxe6 15. Nf3 Qh6 16. h3 Ngf6 17. Nh2 Qh4 18. Qe2 Ne4 19. Qg4 Qxg4 20. hxg4 Nef6 21. Rac1 Rf7 22. f4 gxf4 23. exf4 Raf8 24. Rce1 Re8 25. f5 exf5 26. Rxe8+ Nxe8 27. cxd5 fxg4 28. Rxf7 Kxf7 29. dxc6 bxc6 30. Nxg4 Nb8 31. Ne5+ Bxe5 32. dxe5 Nc7 33. Ba3 Nd5 34. Bd6 Nd7 35. Bh3 Nf8 36. Bc8 Ne6 37. Kh2 Nd4 38. Bd7 h5 39. Kh3 Nc3 40. Bc5 Ne6 41. Bb4 Nxa2 42. Bd6 Nd4 43. Kh4 Nc1 44. b4 Nd3 45. Kxh5 Nf4+ 46. Kg4 Nfe6 47. Bc8 Nb5 48. Bb7 Nxd6 49. exd6 Nd4 50. Bc8 Nb5 51. Bb7 Nd4 52. Bc8 Ke8 53. Kf4 Kd8 54. Ke4 Nb5 55. Ba6 Nxd6+ 56. Ke5 Kc7 57. Kd4 Kb6 58. Bf1 Ne8 59. Kc3 Nc7 60. Kb3 Ne8 61. Kc4 Nd6+ 62. Kb3 Kc7 63. Ka4 Nb7 64. Ba6 Nd6 65. Ka5 Nf5 66. Bd3 Nd4 67. Ka6 Kb8 68. Be4 Ne6 69. Bxc6 Nc7+ 70. Ka5 a6 1/2-1/2

[Event "European Blitz-ch 2018"]
[Site "Skopje"]
[Date "2018.12.07"]
[Round "17"]
[White "Studer, Noel"]
[Black "Bosiocic, Marin"]
[Result "0-1"]
[WhiteElo "2494"]
[BlackElo "2599"]
[Annotator "TA"]
[PlyCount "72"]
[EventDate "2018.12.06"]
[EventType "swiss"]
[EventCountry "MKD"]

1. d4 d6 2. e4 Nf6 3. Nc3 g6 4. f4 Bg7 5. Nf3 O-O 6. Be3 Nc6 7. d5 Nb4 8. a3 Na6 9. Bxa6 bxa6 10. O-O Bd7 11. Bd4 c5 12. dxc6 Bxc6 13. Re1 Qb8 14. b4 Qb7 15. Qd3 Rad8 16. Qe3 Ng4 17. Qd2 e5 18. Bf2 Nxf2 19. Kxf2 exf4 20. Rad1 Qb6+ 21. Kf1 a5 22. Nd4 axb4 23. axb4 Bb7 24. b5 Rc8 25. Na4 Qc7 26. Kg1 Qc4 27. Nb2 Qc3 28. Na4 Qxd2 29. Rxd2 Rc4 30. Nc6 Bxc6 31. bxc6 Rxa4 32. Rxd6 Rc4 33. e5 Rc8 34. e6 fxe6 35. Rexe6 Bf8 36. Rd7 R4xc6 0-1

[Event "European Blitz-ch 2018"]
[Site "Skopje"]
[Date "2018.12.07"]
[Round "17"]
[White "Beerdsen, Thomas"]
[Black "Troyke, Christian"]
[Result "1-0"]
[WhiteElo "2477"]
[BlackElo "2347"]
[Annotator "TA"]
[PlyCount "91"]
[EventDate "2018.12.06"]
[EventType "swiss"]
[EventCountry "MKD"]

1. e4 g6 2. d4 Bg7 3. Nc3 d5 4. Nxd5 c6 5. Ne3 Qxd4 6. Bd3 Nf6 7. Nf3 Qb6 8. O-O O-O 9. a4 Nbd7 10. Nc4 Qc7 11. Be3 Ng4 12. Bg5 Nde5 13. Nfxe5 Nxe5 14. Bf4 Be6 15. Bg3 Rad8 16. Qe2 a6 17. Kh1 b5 18. axb5 axb5 19. Nxe5 Bxe5 20. f4 Bxb2 21. Rab1 Bc3 22. f5 Be5 23. fxe6 Bxg3 24. exf7+ Kg7 25. hxg3 Qxg3 26. Rf3 Qh4+ 27. Rh3 Qg5 28. Rf1 Rd6 29. e5 Re6 30. Qe3 Rxe5 31. Qxg5 Rxg5 32. Re3 Rxf7 33. Rxf7+ Kxf7 34. Kg1 e6 35. Kf2 Ke7 36. Rh3 h5 37. Rh1 Kd6 38. Kf3 Rg4 39. Ra1 e5 40. Ra8 Rf4+ 41. Ke3 Rg4 42. Be4 Rg3+ 43. Bf3 g5 44. Rh8 h4 45. Kf2 g4 46. Rxh4 1-0

[Event "European Blitz-ch 2018"]
[Site "Skopje"]
[Date "2018.12.07"]
[Round "17"]
[White "Kalezic, Blazo"]
[Black "Guseinov, Gadir"]
[Result "1/2-1/2"]
[WhiteElo "2460"]
[BlackElo "2664"]
[Annotator "TA"]
[PlyCount "230"]
[EventDate "2018.12.06"]
[EventType "swiss"]
[EventCountry "MKD"]

1. e4 c5 2. Nf3 g6 3. c3 d5 4. exd5 Qxd5 5. d4 Bg7 6. Be3 cxd4 7. cxd4 Qa5+ 8. Nc3 Nh6 9. Bc4 O-O 10. O-O Nf5 11. Qe2 Nc6 12. Rad1 Nd6 13. Bb3 Qh5 14. h3 Na5 15. Bc2 Be6 16. d5 Bf5 17. Bd4 Bxc2 18. Qxc2 Rac8 19. Bxg7 Kxg7 20. Rfe1 Qf5 21. Qe2 Qf6 22. Ne5 Qf5 23. Ng4 h5 24. Ne5 Nac4 25. Nf3 Qf6 26. Rd4 Rc7 27. b3 Na3 28. Ne4 Nxe4 29. Rxe4 Nc2 30. Rd1 a5 31. Rc4 Rxc4 32. bxc4 Nb4 33. h4 Rc8 34. Ng5 Rc7 35. g3 Qc3 36. d6 exd6 37. Rxd6 Nc6 38. Qe4 Qe5 39. Qd3 Re7 40. Kg2 Nb4 41. Qd2 Nc6 42. Rd5 Qf6 43. Rd3 Ne5 44. Rd4 Qc6+ 45. Kg1 Nxc4 46. Qc3 Ne5 47. Qd2 Rc7 48. Rd6 Qc1+ 49. Kg2 Qxd2 50. Rxd2 Ng4 51. Rb2 Rd7 52. Ne4 Re7 53. Nd6 b6 54. Nc8 Rc7 55. Nxb6 Ne5 56. Nd5 Rc1 57. Ne3 Nd3 58. Rd2 Ne1+ 59. Kh3 Nf3 60. Rd7 Ne5 61. Rd5 Nc6 62. Kg2 a4 63. a3 Rc3 64. Rd6 Ne5 65. Rd5 Nd3 66. Rd7 Rxa3 67. Nc4 Rc3 68. Nd6 Ne5 69. Ra7 Ra3 70. Ra5 Ng4 71. Ra7 Nh6 72. Nc4 Ra2 73. Nb6 Ng4 74. Rxa4 Rxf2+ 75. Kg1 Rc2 76. Nd5 Ne5 77. Rf4 Rc1+ 78. Kg2 Ng4 79. Re4 Ra1 80. Ne3 Re1 81. Nf5+ gxf5 82. Rxe1 Kf6 83. Kf3 Ne5+ 84. Ke3 Ng6 85. Ra1 f4+ 86. gxf4 Nxh4 87. Ke4 Ng6 88. Ra6+ Kg7 89. f5 Nf8 90. Kf4 Nh7 91. Ra1 Kh6 92. Rg1 Nf6 93. Rg2 Ng4 94. Rg1 Nf6 95. Rg2 Ng4 96. Ra2 f6 97. Ra7 Ne5 98. Re7 Nd3+ 99. Ke4 Ne5 100. Kf4 Nd3+ 101. Ke4 Ne5 102. Re8 Kg7 103. Ra8 Kh7 104. Kd5 Kh6 105. Ke6 Ng4 106. Rg8 Kh7 107. Rg6 Kh8 108. Kf7 Kh7 109. Rg7+ Kh6 110. Rg8 Kh7 111. Rg6 Ne5+ 112. Kxf6 Nxg6 113. fxg6+ Kg8 114. Kg5 Kg7 115. Kxh5 Kg8 1/2-1/2

[Event "European Blitz-ch 2018"]
[Site "Skopje"]
[Date "2018.12.07"]
[Round "17"]
[White "Perunovic, Miodrag"]
[Black "Pershin, Denis"]
[Result "0-1"]
[WhiteElo "2436"]
[BlackElo "2400"]
[PlyCount "72"]
[EventDate "2018.12.06"]
[EventType "swiss"]
[EventCountry "MKD"]

1. d4 d5 2. c4 c6 3. Nf3 Nf6 4. e3 Bf5 5. Nc3 e6 6. Nh4 Be4 7. f3 Bg6 8. Qb3 Qc7 9. Bd2 Be7 10. g3 O-O 11. Rc1 dxc4 12. Bxc4 b5 13. Be2 a6 14. Nxg6 hxg6 15. O-O Qa7 16. Kg2 c5 17. dxc5 Bxc5 18. Rfd1 Nbd7 19. e4 Ne5 20. Bf4 Nc6 21. Rd2 e5 22. Bg5 Nh7 23. Nd5 Nxg5 24. Qc3 Ne6 25. b4 Nxb4 26. Nxb4 Be3 27. Nc6 Qb6 28. Ne7+ Kh7 29. Nd5 Bxd2 30. Qxd2 Qd4 31. Qe1 Rac8 32. Rd1 Qb2 33. Kg1 Rc2 34. Bf1 Nd4 35. Rd3 Qc1 36. Rd1 Nxf3+ 0-1

[Event "European Blitz-ch 2018"]
[Site "Skopje"]
[Date "2018.12.07"]
[Round "17"]
[White "Nikcevic, Nebojsa"]
[Black "Tejedor Fuente, Enrique"]
[Result "0-1"]
[WhiteElo "2434"]
[BlackElo "2428"]
[PlyCount "54"]
[EventDate "2018.12.06"]
[EventType "swiss"]
[EventCountry "MKD"]

1. c4 c6 2. Nf3 d5 3. e3 Nf6 4. Nc3 Nbd7 5. cxd5 cxd5 6. d4 e6 7. Bd3 Be7 8. O-O O-O 9. Bd2 a6 10. a4 b6 11. Qe2 Bb7 12. Rfc1 Ne4 13. Be1 Nd6 14. Ne5 Nb8 15. f3 f6 16. Ng4 Nc6 17. Bg3 Nb4 18. Bb1 Rc8 19. Nf2 a5 20. Nd3 Ba6 21. Be1 Qd7 22. b3 Rc7 23. Qd1 Nf5 24. Qd2 Rfc8 25. Nxb4 Bxb4 26. Qb2 Nxe3 27. Bf2 Bxc3 0-1

[Event "European Blitz-ch 2018"]
[Site "Skopje"]
[Date "2018.12.07"]
[Round "17"]
[White "Warmerdam, Max"]
[Black "Laznicka, Viktor"]
[Result "1-0"]
[WhiteElo "2433"]
[BlackElo "2675"]
[PlyCount "127"]
[EventDate "2018.12.06"]
[EventType "swiss"]
[EventCountry "MKD"]

1. e4 d5 2. exd5 Qxd5 3. Nc3 Qa5 4. d4 Nf6 5. Bd2 Bg4 6. f3 Bd7 7. Bc4 Qb6 8. Nge2 e6 9. Be3 Be7 10. Qd3 Na6 11. O-O-O Nb4 12. Qd2 O-O-O 13. a3 Nbd5 14. Nxd5 Nxd5 15. Bxd5 exd5 16. Nc3 Bf5 17. Bf4 Rhe8 18. Rhe1 f6 19. Re3 Qc6 20. Rde1 Bf8 21. Rxe8 Rxe8 22. Rxe8+ Qxe8 23. Nxd5 c6 24. Qa5 Qd8 25. Nc7 g6 26. Qxa7 Bd6 27. Qa8+ Kxc7 28. Qxd8+ Kxd8 29. Bxd6 Be6 30. Kd2 b5 31. Kc3 Kd7 32. Bf8 h5 33. Kb4 Kc8 34. Kc5 Kb7 35. Kd6 Bf5 36. c3 Bd3 37. Ke6 f5 38. Kf6 f4 39. Bd6 Bf1 40. Kxg6 h4 41. g3 fxg3 42. hxg3 h3 43. g4 Be2 44. g5 Bxf3 45. Kf6 Kc8 46. g6 Kd7 47. Bg3 Bd5 48. Kg7 Ke8 49. Kh7 Be4 50. Kh6 Kf8 51. Bh2 Kg8 52. Kg5 Bd5 53. Kf6 Bc4 54. g7 Bd5 55. Be5 Bc4 56. Ke7 h2 57. Bxh2 Kxg7 58. Kd6 Bd5 59. b3 Kf7 60. a4 bxa4 61. bxa4 Ke8 62. Kc7 c5 63. dxc5 Ke7 64. c6 1-0

[Event "European Blitz-ch 2018"]
[Site "Skopje"]
[Date "2018.12.07"]
[Round "17"]
[White "Stojanovski, Dejan"]
[Black "Brkic, Ante"]
[Result "1/2-1/2"]
[WhiteElo "2430"]
[BlackElo "2563"]
[Annotator "TA"]
[PlyCount "54"]
[EventDate "2018.12.06"]
[EventType "swiss"]
[EventCountry "MKD"]

1. d4 d5 2. Nf3 Nf6 3. Bf4 c5 4. c3 Nc6 5. e3 Qb6 6. Qb3 c4 7. Qc2 Bf5 8. Qc1 h6 9. h3 e6 10. Nbd2 Be7 11. Be2 O-O 12. Bd1 Rfc8 13. Bc2 Qd8 14. O-O b5 15. a3 a5 16. Ne5 Bxc2 17. Qxc2 Nxe5 18. Bxe5 Nd7 19. Bf4 b4 20. a4 b3 21. Qd1 Nb6 22. Qg4 Kh7 23. e4 Qd7 24. Be5 Bf8 25. exd5 exd5 26. Rfe1 Qxg4 27. hxg4 Kg8 1/2-1/2

[Event "European Blitz-ch 2018"]
[Site "Skopje"]
[Date "2018.12.07"]
[Round "17"]
[White "Petkidis, Anthony"]
[Black "Rusev, Krasimir"]
[Result "1-0"]
[WhiteElo "2375"]
[BlackElo "2520"]
[Annotator "TA"]
[PlyCount "93"]
[EventDate "2018.12.06"]
[EventType "swiss"]
[EventCountry "MKD"]

1. e4 e5 2. Nf3 d6 3. d4 exd4 4. Nxd4 Nf6 5. Nc3 Be7 6. g3 O-O 7. Bg2 Re8 8. O-O Bf8 9. h3 c6 10. a4 a5 11. b3 Na6 12. Re1 Nc5 13. Ba3 Qb6 14. Qd2 Bd7 15. Kh2 Rad8 16. Rad1 Bc8 17. f4 g6 18. Re2 h5 19. f5 Bg7 20. Qg5 Nh7 21. Qd2 Nd7 22. fxg6 fxg6 23. Nf3 Ne5 24. Nxe5 Bxe5 25. Bb2 h4 26. Qh6 hxg3+ 27. Kh1 Nf8 28. Rf1 Qc7 29. Re3 Qg7 30. Qh4 g5 31. Qh5 Qg6 32. Rxf8+ Kxf8 33. Qxg6 Ke7 34. Qxg5+ Kd7 35. Rxg3 Kc7 36. Rf3 Rg8 37. Rf7+ Kb8 38. Qe7 Rd7 39. Qxd7 Bxd7 40. Rxd7 Rg3 41. Nd1 Bf4 42. Bd4 c5 43. Bf2 Rg6 44. Ne3 Be5 45. Nc4 Bf4 46. Rf7 Bh6 47. e5 1-0

[Event "European Blitz-ch 2018"]
[Site "Skopje"]
[Date "2018.12.07"]
[Round "17"]
[White "Polivanov, Anatoliy"]
[Black "Bartel, Mateusz"]
[Result "1/2-1/2"]
[WhiteElo "2374"]
[BlackElo "2600"]
[Annotator "TA"]
[PlyCount "92"]
[EventDate "2018.12.06"]
[EventType "swiss"]
[EventCountry "MKD"]

1. e4 e5 2. Nf3 Nc6 3. Nc3 Nf6 4. Bb5 Bd6 5. d3 O-O 6. Ba4 Re8 7. g4 Bf8 8. g5 Nh5 9. a3 d6 10. Nd5 g6 11. Be3 Bg7 12. Rg1 Bd7 13. Bb3 Nd4 14. Nxd4 exd4 15. Bd2 c6 16. Nf4 Nxf4 17. Bxf4 d5 18. f3 Be6 19. Qd2 a5 20. a4 Qb6 21. O-O-O dxe4 22. fxe4 Bxb3 23. cxb3 Qxb3 24. Qc2 Qb4 25. Rgf1 b5 26. Bd2 Qd6 27. Qb3 Qe6 28. Qxe6 Rxe6 29. axb5 cxb5 30. Kb1 b4 31. Rc1 Re7 32. Rc5 Rb7 33. Rfc1 Bf8 34. Rc8 Rbb8 35. Rxb8 Rxb8 36. Bf4 Ra8 37. b3 h6 38. h4 h5 39. Rc7 Bg7 40. Bd6 Ra6 41. Rc8+ Kh7 42. e5 Rb6 43. Rc7 Kg8 44. Rc8+ Kh7 45. Rc7 Kg8 46. Rc8+ Kh7 1/2-1/2

[Event "European Blitz-ch 2018"]
[Site "Skopje"]
[Date "2018.12.07"]
[Round "17"]
[White "Galopoulos, Nikolaos"]
[Black "Saric, Ivan"]
[Result "0-1"]
[WhiteElo "2356"]
[BlackElo "2695"]
[Annotator "TA"]
[PlyCount "64"]
[EventDate "2018.12.06"]
[EventType "swiss"]
[EventCountry "MKD"]

1. d4 g6 2. Nf3 Bg7 3. e4 d6 4. Bc4 Nc6 5. O-O Nf6 6. Qe2 Bg4 7. c3 e5 8. Rd1 O-O 9. h3 Bxf3 10. Qxf3 Qe8 11. Bg5 Nd7 12. Be3 Nb6 13. Bb5 a6 14. Bf1 f5 15. d5 Ne7 16. Bxb6 cxb6 17. Nd2 b5 18. a4 bxa4 19. Nc4 Rd8 20. Nb6 Nc8 21. Nxc8 Rxc8 22. Bd3 b5 23. exf5 gxf5 24. Bxf5 Rc4 25. Be6+ Kh8 26. Qe3 Qg6 27. Qb6 Qc2 28. Rf1 Rcf4 29. Rab1 e4 30. Rbe1 Be5 31. Re3 Rxf2 32. Rf3 Rxg2+ 0-1

[Event "European Blitz-ch 2018"]
[Site "Skopje"]
[Date "2018.12.07"]
[Round "17"]
[White "Putka, Verners"]
[Black "Jirovsky, Milos"]
[Result "1-0"]
[WhiteElo "2307"]
[BlackElo "2448"]
[PlyCount "83"]
[EventDate "2018.12.06"]
[EventType "swiss"]
[EventCountry "MKD"]

1. d4 d5 2. Nf3 Nf6 3. g3 e6 4. Bg2 Be7 5. O-O O-O 6. c4 c6 7. b3 Nbd7 8. Bb2 b6 9. Nc3 a5 10. Nd2 Bb7 11. e4 Bb4 12. e5 Ne8 13. a3 Be7 14. Kh1 Rc8 15. f4 g6 16. Qe2 Ng7 17. g4 Ba6 18. f5 exf5 19. gxf5 gxf5 20. Rf3 Re8 21. Rh3 Nf8 22. Nf3 Ng6 23. Qd2 f4 24. Ne2 Ne6 25. cxd5 cxd5 26. Rh5 Ng7 27. Rh3 Bxe2 28. Qxe2 Nf5 29. Rg1 Ne3 30. Ne1 Qd7 31. Qh5 Qf5 32. Qxh7+ Kf8 33. Bxd5 Bg5 34. Rxg5 Qd7 35. Be4 Re6 36. a4 Ke7 37. Rxg6 Rxg6 38. Bxg6 Rf8 39. Qh4+ Ke8 40. Be4 Rg8 41. Ba3 Qxd4 42. Qe7# 1-0

[Event "European Blitz-ch 2018"]
[Site "Skopje"]
[Date "2018.12.07"]
[Round "18"]
[White "Navara, David"]
[Black "Artemiev, Vladislav"]
[Result "0-1"]
[WhiteElo "2736"]
[BlackElo "2709"]
[PlyCount "84"]
[EventDate "2018.12.06"]
[EventType "swiss"]
[EventCountry "MKD"]

1. e4 c6 2. d4 d5 3. e5 Bf5 4. Nf3 e6 5. Be2 Nd7 6. O-O Bg6 7. Nbd2 Nh6 8. Nb3 Nf5 9. Bd2 Rc8 10. Rc1 Be7 11. Kh1 O-O 12. g4 Nh6 13. h3 c5 14. c4 Be4 15. Kg1 dxc4 16. Bxc4 cxd4 17. Nbxd4 Nxe5 18. Nxe5 Qxd4 19. Bf4 Qxb2 20. Qd7 Bf6 21. Nd3 Qd4 22. Qxd4 Bxd4 23. Rfd1 Rfd8 24. Bg5 Bf6 25. Be3 Be7 26. Bxa7 b5 27. Bxb5 Rxc1 28. Rxc1 Bxd3 29. Bb6 Rb8 30. Bxd3 Rxb6 31. Rc8+ Bf8 32. a4 Rb3 33. Bb5 g5 34. Kg2 Kg7 35. Bc4 Ra3 36. Bb5 Ng8 37. Rc7 Nf6 38. Rb7 Nd5 39. Be8 Be7 40. Bc6 Nf4+ 41. Kg1 Nxh3+ 42. Kf1 Kf6 0-1

[Event "European Blitz-ch 2018"]
[Site "Skopje"]
[Date "2018.12.07"]
[Round "18"]
[White "Saric, Ivan"]
[Black "Galopoulos, Nikolaos"]
[Result "1-0"]
[WhiteElo "2695"]
[BlackElo "2356"]
[Annotator "TA"]
[PlyCount "67"]
[EventDate "2018.12.06"]
[EventType "swiss"]
[EventCountry "MKD"]

1. e4 c5 2. Nf3 d6 3. d4 cxd4 4. Nxd4 Nf6 5. Nc3 a6 6. a3 b5 7. Nd5 e6 8. Nxf6+ Qxf6 9. g3 Bb7 10. Bg2 Nd7 11. O-O Qd8 12. a4 bxa4 13. Rxa4 Nc5 14. Rb4 Qc7 15. Qg4 g6 16. Nb3 Nd7 17. Qe2 Rc8 18. Rd1 d5 19. Rxb7 Qxb7 20. exd5 Qb5 21. Qe1 e5 22. Nd4 Qb4 23. c3 Qd6 24. Bh3 Bg7 25. Ne6 Bf6 26. b4 Nb6 27. Nc5 Ra8 28. Ne4 Qd8 29. Be3 O-O 30. Bc5 Re8 31. d6 Kg7 32. Nxf6 Kxf6 33. d7 Rg8 34. Rd6+ 1-0